Library of the University of Algiers 3
Ibrahim Sultan Cheibout
شعار جامعة الجزائر 3
مكتبة جامعة الجزائر 3
إبراهيم سلطان شيبوط

التربية النفس حركية و الصحية في رياض الأطفال (رقم التسجيلة. 11108)

تفاصيل مارك
000 -LEADER
fixed length control field 00722nam a2200241Ia 4500
003 - CONTROL NUMBER IDENTIFIER
control field IEPS
005 - DATE AND TIME OF LATEST TRANSACTION
control field 20250703135239.0
008 - FIXED-LENGTH DATA ELEMENTS--GENERAL INFORMATION
fixed length control field 250223s9999||||xx |||||||||||||| ||und||
020 ## - INTERNATIONAL STANDARD BOOK NUMBER
International Standard Book Number 4051510977
040 ## - CATALOGING SOURCE
-- IEPS
041 ## - LANGUAGE CODE
Language code of text/sound track or separate title ara
082 ## - DEWEY DECIMAL CLASSIFICATION NUMBER
Classification number 372.21
100 ## - MAIN ENTRY--PERSONAL NAME
Personal name جوليانا برانتوني
245 #0 - TITLE STATEMENT
Title التربية النفس حركية و الصحية في رياض الأطفال
245 #0 - TITLE STATEMENT
Remainder of title النظرية و التطبيق
260 ## - PUBLICATION, DISTRIBUTION, ETC.
Place of publication, distribution, etc. القاهرة
Name of publisher, distributor, etc. دار الفكر العربي
Date of publication, distribution, etc. 1991
300 ## - PHYSICAL DESCRIPTION
Extent 177 ص.
Dimensions 24 سم.
490 ## - SERIES STATEMENT
Series statement الطفولة و التربية
653 ## - INDEX TERM--UNCONTROLLED
Uncontrolled term الأطفال
653 ## - INDEX TERM--UNCONTROLLED
Uncontrolled term الأطفال
700 ## - ADDED ENTRY--PERSONAL NAME
Personal name عبد الفتاح حسن
942 ## - ADDED ENTRY ELEMENTS (KOHA)
Koha item type كتب
المقتنيات
Withdrawn status Lost status Source of classification or shelving scheme Damaged status Not for loan Home library Current library Date acquired Inventory number Total checkouts Full call number Barcode Date last seen Copy number Price effective from Koha item type
    Dewey Decimal Classification   Available مكتبة معهد التربية البدنية و الرياضية مكتبة معهد التربية البدنية و الرياضية 23/02/2025 invar 667   372.21 ج ب ت / 1 invar 667 23/02/2025 ل ع 134 / 1 23/02/2025 كتب
    Dewey Decimal Classification   Available مكتبة معهد التربية البدنية و الرياضية مكتبة معهد التربية البدنية و الرياضية 23/02/2025 invar302   372.21 ج ب ت / 2 invar302 23/02/2025 ل ع 134 / 2 23/02/2025 كتب

موارد الويب المفتوحة


© University of Algiers 3 All Rights Reserved
|
Implemented by LECHELAH Riad